[Event "Charleroi op"]
[Site "Charleroi"]
[Date "2015.08.04"]
[Round "5"]
[White "Piron, Didier"]
[Black "Oganian, Miran"]
[Result "0-1"]
[WhiteElo "1981"]
[BlackElo "2380"]
[PlyCount "86"]
[EventDate "2015.08.01"]
[EventType "swiss"]
[EventRounds "9"]
[EventCountry "BEL"]
[SourceTitle "CBM 167 Extra"]
[Source "ChessBase"]
[SourceDate "2015.09.14"]
[SourceVersion "1"]
[SourceVersionDate "2015.09.14"]
[SourceQuality "1"]

1. Nf3 Nf6 2. c4 e6 3. e3 c5 4. Nc3 Be7 5. d4 cxd4 6. exd4 d5 7. Bg5 0-0 8. Bd3 dxc4 9. Bxc4 Nc6 10. 0-0 Nd5 11. Bxe7 Ncxe7 12. Re1 b6 13. Qd3 Bb7 14. Ng5 Ng6 15. Bxd5 Bxd5 16. Qg3 h6 17. Nxd5 Qxg5 18. Qxg5 hxg5 19. Nc3 Rfd8 20. Rad1 Nf4 21. g3 Nd5 22. Kg2 Rac8 23. Rd3 Rc4 24. Red1 g4 25. h4 Nxc3 26. Rxc3 Ra4 27. a3 e5 28. d5 Rd4 29. Rxd4 exd4 30. Rc7 Rxd5 31. Kf1 d3 32. Ke1 Re5+ 33. Kd2 Re2+ 34. Kxd3 Rxb2 35. Rxa7 Rxf2 36. Ke4 f5+ 37. Ke5 f4 38. Ra4 fxg3 39. Rxg4 g2 40. h5 Kh7 41. Kd6 Kh6 42. Kc6 Kxh5 43. Rxg7 Rf6+ 0-1

[Event "Namur op RNE"]
[Site "Namur"]
[Date "2011.01.28"]
[Round "2"]
[White "Englebert, Stephane"]
[Black "Piron, Didier"]
[Result "0-1"]
[WhiteElo "1684"]
[BlackElo "1976"]
[PlyCount "132"]
[EventDate "2011.01.28"]
[EventType "swiss"]
[EventRounds "7"]
[EventCountry "BEL"]
[SourceTitle "EXT 2024"]
[Source "ChessBase"]
[SourceDate "2023.10.10"]
[SourceVersion "1"]
[SourceVersionDate "2023.10.10"]
[SourceQuality "1"]

1. c4 e5 2. Nc3 Nf6 3. g3 Nc6 4. Bg2 Bc5 5. Nf3 0-0 6. 0-0 d6 7. Na4 Bg4 8. Nxc5 dxc5 9. h3 Bf5 10. d3 Qd7 11. g4 Bg6 12. Nh4 Rad8 13. Nxg6 hxg6 14. f4 e4 15. Be3 exd3 16. exd3 b6 17. Qf3 Nd4 18. Qf2 a5 19. Rad1 Rfe8 20. Rfe1 Qd6 21. Kf1 Re7 22. Bd2 Red7 23. f5 gxf5 24. Bf4 Qf8 25. Be5 fxg4 26. Bxf6 gxf6 27. hxg4 Qg7 28. Re3 Rd6 29. Be4 Qg5 30. Rh3 Ne6 31. Rd2 Rd4 32. Qh2 Kf8 33. Rh8+ Ke7 34. Rxd8 Kxd8 35. Rf2 Ke7 36. Qg3 Qe5 37. Qe3 Ng5 38. Rf5 Qe6 39. Qf4 Qd6 40. Qxd6+ Rxd6 41. Rf4 Nxe4 42. Rxe4+ Re6 43. Re2 Kd6 44. Rd2 Ke5 45. Kg2 Kd4 46. Kg3 Ke3 47. Rf2 Kxd3 48. b3 Kc3 49. Kf4 a4 50. Kf5 axb3 51. Rf3+ Kxc4 52. axb3+ Kd4 53. g5 fxg5 54. Kxg5 f6+ 55. Kf5 Re8 56. Rh3 Rf8 57. Rg3 b5 58. Rg7 Rc8 59. Kxf6 Kc3 60. Rg3+ Kb4 61. Ke7 Ra8 62. Ke6 Ra3 63. Kd5 Rxb3 64. Rg7 Rd3+ 65. Kc6 Rd6+ 66. Kxc7 Rf6 0-1

[Event "Namur op RNE"]
[Site "Namur"]
[Date "2011.01.28"]
[Round "3"]
[White "Piron, Didier"]
[Black "Geuquet, Michael"]
[Result "1-0"]
[WhiteElo "1950"]
[BlackElo "1970"]
[PlyCount "75"]
[EventDate "2011.01.28"]
[EventType "swiss"]
[EventRounds "7"]
[EventCountry "BEL"]
[SourceTitle "EXT 2024"]
[Source "ChessBase"]
[SourceDate "2023.10.10"]
[SourceVersion "1"]
[SourceVersionDate "2023.10.10"]
[SourceQuality "1"]

1. c4 c6 2. d4 d5 3. Nf3 Nf6 4. Nc3 a6 5. cxd5 cxd5 6. Bf4 Nc6 7. e3 e6 8. Rc1 Be7 9. h3 0-0 10. Bd3 Bd7 11. 0-0 b5 12. Bb1 Rc8 13. Qd3 b4 14. Ne2 Qb6 15. Ng3 Na5 16. Rfe1 Bb5 17. Qd1 b3 18. a3 Rxc1 19. Qxc1 Bc4 20. Ne5 Rc8 21. Qd1 Bb5 22. Nh5 g6 23. Nxf6+ Bxf6 24. Ng4 Bg7 25. h4 Be8 26. h5 Nc4 27. hxg6 hxg6 28. Nh6+ Bxh6 29. Bxh6 Nxb2 30. Qf3 f5 31. g4 Qa5 32. Rf1 Bb5 33. gxf5 Bxf1 34. Qg3 Kf7 35. Qxg6+ Ke7 36. Qxe6+ Kd8 37. Qd6+ Ke8 38. f6 1-0

[Event "Namur op RNE"]
[Site "Namur"]
[Date "2011.01.28"]
[Round "7"]
[White "Piron, Didier"]
[Black "Khmelevski, Igor"]
[Result "1-0"]
[WhiteElo "1950"]
[BlackElo "1667"]
[PlyCount "84"]
[EventDate "2011.01.28"]
[EventType "swiss"]
[EventRounds "7"]
[EventCountry "BEL"]
[SourceTitle "EXT 2024"]
[Source "ChessBase"]
[SourceDate "2023.10.10"]
[SourceVersion "1"]
[SourceVersionDate "2023.10.10"]
[SourceQuality "1"]

1. c4 Nf6 2. g3 c6 3. Nf3 d5 4. Bg2 e6 5. 0-0 Be7 6. b3 0-0 7. Bb2 a5 8. d3 Nbd7 9. Nbd2 Nc5 10. Qc2 b6 11. Ne5 Bb7 12. Qc3 Ncd7 13. Nxd7 Qxd7 14. Nf3 Qd6 15. e4 Ne8 16. Rac1 Rc8 17. Rfe1 Qb8 18. a3 Bf6 19. e5 Be7 20. h4 dxc4 21. dxc4 c5 22. Qc2 Qa8 23. Re3 Rd8 24. Ne1 Bxg2 25. Nxg2 g6 26. Ree1 Ng7 27. g4 Rd7 28. Bc3 Rfd8 29. Kf1 h5 30. Re4 Kh7 31. Rf4 Rf8 32. Ne3 Bxh4 33. gxh5 Bg5 34. Rg4 Qd8 35. hxg6+ fxg6 36. Rg1 Rh8 37. Kg2 Nf5 38. Nxf5 gxf5 39. Rh1+ Kg7 40. Rxh8 Qxh8 41. Qe2 Qe8 42. Kf1 Kg8 1-0

[Event "BEL Elite Febr op"]
[Site "Belgium"]
[Date "2005.05.15"]
[Round "6"]
[White "Piron, Didier"]
[Black "Piacentini, Claudio"]
[Result "0-1"]
[WhiteElo "2098"]
[BlackElo "2193"]
[PlyCount "112"]
[EventDate "2005.02.??"]
[EventType "swiss"]
[EventRounds "7"]
[EventCountry "BEL"]
[SourceTitle "EXT 2007"]
[Source "ChessBase"]
[SourceDate "2006.11.23"]
[SourceVersion "1"]
[SourceVersionDate "2006.11.23"]
[SourceQuality "1"]

1. e4 e6 2. d4 d5 3. exd5 exd5 4. Nf3 Nf6 5. Bg5 Be7 6. Bd3 0-0 7. Nc3 Bg4 8. h3 Bh5 9. g4 Bg6 10. Bxg6 fxg6 11. Qd3 Nxg4 12. Bxe7 Qxe7+ 13. Kf1 Ne3+ 14. Qxe3 Qxe3 15. fxe3 Rxf3+ 16. Ke2 Rf5 17. Raf1 c6 18. e4 dxe4 19. Nxe4 Nd7 20. b3 Rd5 21. c4 Rxd4 22. Ke3 c5 23. Rd1 Nf6 24. Nxc5 Rxd1 25. Rxd1 b6 26. Nb7 Re8+ 27. Kf3 Re7 28. Nd8 h6 29. a4 g5 30. Nc6 Rc7 31. Ne5 Kh7 32. Rd4 h5 33. b4 a5 34. b5 Rc5 35. Nc6 Rf5+ 36. Kg2 g4 37. hxg4 Nxg4 38. Ne7 Rf7 39. Kg3 Rf6 40. Nc8 Ne3 41. Re4 Nf5+ 42. Kg2 Nd6 43. Nxd6 Rxd6 44. Re5 Kh6 45. c5 bxc5 46. Rxc5 g6 47. Kf3 Rd3+ 48. Ke4 Rb3 49. Rc4 h4 50. Kd5 g5 51. Kc6 h3 52. b6 h2 53. Rc1 g4 54. b7 g3 55. Kc7 g2 56. Rc6+ Kg7 0-1

[Event "BEL Elite Febr op"]
[Site "Belgium"]
[Date "2005.05.14"]
[Round "5"]
[White "Piron, Didier"]
[Black "Bolzoni, Victor Angel"]
[Result "0-1"]
[WhiteElo "2098"]
[BlackElo "2219"]
[PlyCount "54"]
[EventDate "2005.02.??"]
[EventType "swiss"]
[EventRounds "7"]
[EventCountry "BEL"]
[SourceTitle "EXT 2007"]
[Source "ChessBase"]
[SourceDate "2006.11.23"]
[SourceVersion "1"]
[SourceVersionDate "2006.11.23"]
[SourceQuality "1"]

1. e4 c5 2. d4 cxd4 3. c3 dxc3 4. Nxc3 e6 5. Nf3 a6 6. Bc4 b5 7. Bb3 Bb7 8. Qe2 b4 9. Na4 d6 10. 0-0 Nd7 11. Rd1 Ngf6 12. Bg5 Bxe4 13. Nd4 Be7 14. Bxf6 Nxf6 15. Bxe6 fxe6 16. Nxe6 Qa5 17. Rac1 Qxa4 18. f3 Qxa2 19. Nc7+ Kf7 20. Nxa8 Bxa8 21. Re1 Bd8 22. Qf2 Nd7 23. Qd2 Qd5 24. Qxb4 Bb6+ 25. Kh1 Bc5 26. Qa4 Nf6 27. Qxa6 Qxf3 0-1